Computer algebra and differential equations /

Guardado en:
Autor Corporativo: CADE
Otros Autores: Tournier, E. (Editor )
Formato: Libro
Idioma:English
Publicado: Cambridge : Cambridge University Press, 1994.
Series:London Mathematical Society lecture note series ; 193
Materias:
Acceso en línea:Publisher description
Etiquetas: Agregar Etiqueta
Sin Etiquetas, Sea el primero en etiquetar este registro!
LEADER 01832cam a2200313 a 4500
001 MAT.inmabb003572
008 940323s1994####enka#####b####100#0#eng#d
005 20170526131519.0
245 0 0 |a Computer algebra and differential equations /  |c edited by E. Tournier. 
260 |a Cambridge :  |b Cambridge University Press,  |c 1994. 
300 |a v, 259 p. :  |b il. ;  |c 23 cm. 
440 0 |a London Mathematical Society lecture note series ;  |v 193 
500 |a Selección de trabajos presentados en la reunión CADE-92, realizada en Francia en junio de 1992. 
504 |a Incluye referencias bibliográficas. 
505 0 0 |t Motivation and introduction to the theory of D-modules /  |r B. Malgrange --  |t D-modules : an overview towards effectivity /  |r Ph. Maisonobe --  |t Introduction to the Ecalle theory /  |r E. Delabaere --  |t Perturbation analysis of nonlinear systems /  |r K. R. Meyer --  |t Normal forms of differential systems /  |r J. Della Dora, L. Stolovitch --  |t Versal normal form computation and representation theory /  |r J. A. Sanders --  |t Painlevé analysis and normal forms /  |r L. Brenig, A. Goriely --  |t Normal forms and Stokes multipliers of nonlinear meromorphic differential equations /  |r Y. Sibuya. 
510 4 |a MR,  |c 94m:00024 
020 |a 0521447577 
700 1 |a Tournier, E.  |q (Evelyne)  |4 edt 
711 2 |a CADE  |d (1992 :  |c Francia) 
650 0 |a D-modules  |x Congresses. 
650 0 |a Differentiable dynamical systems  |x Congresses. 
650 0 |a Normal forms (Mathematics)  |x Congresses. 
650 0 |a Algebra  |x Data processing  |x Congresses. 
650 0 |a Differential equations  |x Congresses. 
084 |a 00B25 (32-06 34-06 58-06)  |2 MR 
010 |a  94182411  
040 |a OAU  |c OAU  |d Uk  |d OCoLC  |d DLC 
856 4 2 |3 Publisher description  |u http://www.loc.gov/catdir/description/cam026/94182411.html 
859 |h 00B25  |i C122-1992  |p A-7626  |b BIB. MATEMATICA